Social security pension financing in the context of demographic change /
Saved in:
| Main Author: | |
|---|---|
| Corporate Author: | |
| Other Authors: | |
| Format: | Book |
| Language: | English |
| Published: |
Paris :
Organisation for Economic Co-operation and Development,
c1985.
|
| Series: | Joint Japanese/OECD Conference of High-level Experts on Health and Pensions Policies in the Context of Demographic Evolution and Economic Constraint ;
paper 12 |
| Subjects: | |
| Tags: |
Add Tag
No Tags, Be the first to tag this record!
|
| LEADER | 01684nam a2200313Ia 4500 | ||
|---|---|---|---|
| 001 | 006830361-0 | ||
| 005 | 20020606163548.3 | ||
| 008 | 900924s1985 fr b i000 0 eng d | ||
| 035 | 0 | |a ocm22425095 | |
| 040 | |a DJB |c DJB |d HLS | ||
| 050 | 4 | |a HD7091 |b .H24 1985 | |
| 090 | |a HD7091 |b .H24 1985 | ||
| 100 | 1 | |a Halter, William A. | |
| 245 | 1 | 0 | |a Social security pension financing in the context of demographic change / |c by William A. Halter and Richard Hemming. |
| 246 | 3 | |a Health and pensions policies in the context of demographic evolution and economic constraint | |
| 260 | |a Paris : |b Organisation for Economic Co-operation and Development, |c c1985. | ||
| 300 | |a 14 p. ; |c 30 cm. | ||
| 490 | 1 | |a Joint Japanese/OECD Conference of High-level Experts on Health and Pensions Policies in the Context of Demographic Evolution and Economic Constraint ; |v paper 12 | |
| 500 | |a Caption title. | ||
| 500 | |a "Paper 12." | ||
| 500 | |a "November 1985." | ||
| 504 | |a Includes bibliographical references (p. 14). | ||
| 650 | 0 | |a Social security |x Finance. | |
| 650 | 0 | |a Pensions |x Finance. | |
| 700 | 1 | |a Hemming, Richard. | |
| 711 | 2 | |a Joint Japanese/OECD Conference of High-level Experts on Health and Pensions Policies in the Context of Demographic Evolution and Economic Constraint |d (1985 : |c Tokyo, Japan) | |
| 811 | 2 | |a Joint Japanese/OECD Conference of High-level Experts on Health and Pensions Policies in the Context of Demographic Evolution and Economic Constraint |d (1985 : |c Tokyo, Japan). |t Joint Japanese/OECD Conference of High-level Experts on Health and Pensions Policies in the Context of Demographic Evolution and Economic Constraint ; |v paper 12. | |
| 988 | |a 20020608 | ||
| 906 | |0 OCLC | ||


